Statistics for 2005 Ashes Series Squads

Click here to take the quiz!

General Stats

  • This quiz has been taken 928 times
  • The average score is 22 of 31

Answer Stats

HintAnswer% Correct
BowlerShane Warne
95%
All-RounderAndrew Flintoff
95%
BatsmanRicky Ponting (c)
95%
BatsmanAndrew Strauss
91%
BowlerGlenn McGrath
89%
BatsmanMichael Vaughan (c)
86%
BatsmanMatthew Hayden
86%
BowlerSimon Jones
84%
BatsmanIan Bell
84%
BowlerSteve Harmison
84%
BatsmanJustin Langer
83%
BatsmanKevin Pietersen
83%
BatsmanGeraint Jones (wk)
83%
BowlerBrett Lee
82%
BatsmanAdam Gilchrist (wk)
82%
BowlerAshley Giles
81%
BowlerMatthew Hoggard
80%
BatsmanMarcus Trescothick
79%
Bowler*Stuart Clark
78%
BatsmanMichael Clarke
74%
BowlerJason Gillespie
73%
BatsmanPaul Collingwood
67%
Bowler*James Anderson
62%
BatsmanDamien Martyn
57%
BowlerMichael Kasprowicz
46%
BatsmanSimon Katich
45%
BowlerShaun Tait
42%
Bowler*Stuart MacGill
27%
Batsman*Brad Haddin
22%
Bowler*Chris Tremlett
16%
Batsman*Brad Hodge
15%

Score Distribution

Percentile by Number Answered

Percent of People with Each Score

Your Score History

You have not taken this quiz